Christianity and America

Guardat en:
Dades bibliogràfiques
Autors principals: Meng, John J. (autor), Pritchett, John Perry (Autor), O'Connor, Thomas F (Autor), Ostheimer, Anthony L (Autor), Smith, Thomas J (Autor)
Format: Llibre
Idioma:anglès
Publicat: Nueva York W.H. Sadlier 1948
Matèries:
Etiquetes: Afegir etiqueta
Sense etiquetes, Sigues el primer a etiquetar aquest registre!

MARC

LEADER 00000nam a2200000 a 4500
001 UCO1139
003 CL-VaPUC
008 000512e19480000US |||||||||||||||||eng|d
082 0 4 |a 306.60973  |b MEN  |2 21 
100 |a Meng, John J.  |e autor  |9 442987 
700 0 |a Pritchett, John Perry  |e author  |9 442988 
700 0 |a O'Connor, Thomas F  |e author  |9 442989 
700 0 |a Ostheimer, Anthony L  |e author  |9 442990 
700 0 |a Smith, Thomas J  |e author  |9 442991 
245 1 0 |a Christianity and America 
300 |a 712 p 
942 |c BK 
945 |d 20000512 00:00:00  |a crobeson 
260 |a Nueva York  |b W.H. Sadlier  |c 1948 
650 0 |a Sociología de la religión   |9 337481 
650 0 |a Cristianismo  |9 257361 
651 0 |a Estados Unidos  |9 255178 
583 |a last modification  |c 20000512 00:00:00  |k Rodrigo Vera 
999 |c 287768  |d 287766 
952 |0 0  |1 0  |4 0  |6 306_609730000000000_MEN_1948  |7 0  |8 X  |9 334801  |a BIBHIS  |b BIBHIS  |d 2019-11-20  |i 127399K  |o 306.60973 MEN 1948  |p 127399K  |r 2024-01-30  |w 2019-11-20  |y BK_X  |k HIS